00355nam a22001457a 4500003000700000005001700007008004100024082002100065100001700086245002100103260002800124300000800152490003200160650001700192MPLRDC20220104124942.0210129b ||||| |||| 00| 0 eng d a857.9 SMZY-2 v.3 a司马紫烟 a无刃剑. 三c ab汉麟出版社c1980 b平 a司马紫烟小说专辑. 2 a武侠小说